Score 0/15 Timer 10:00
0 Plays Today
% Correct
Catwoman
93.5%
Flash
91.9%
Bumblebee
90.3%
Green arrow
88.7%
Swamp thing
88.7%
Killer Croc
87.9%
Clayface
85.5%
Darkseid
83.9%
% Correct
Doom patrol
82.3%
Deadshot
79%
Aquaman
77.4%
Deathstroke
76.6%
Green lantern
75%
Batman
75%
Robin
72.6%
Remove Ads.
Support Sporcle.
Get the best of Sporcle when you Go Orange. This ad-free experience offers more features, more stats, and more fun while also helping to support Sporcle. Thank you for becoming a member.

You're not logged in!

Compare scores with friends on all Sporcle quizzes.
OR
Log In

Show Comments

Extras

Top Quizzes Today


Score Distribution

Your Account Isn't Verified!

In order to create a playlist on Sporcle, you need to verify the email address you used during registration. Go to your Sporcle Settings to finish the process.

Report this User

Report this user for behavior that violates our Community Guidelines.

Details: